000 00963nam a2200349 a 4500
001 000114252
003 CHAP
005 20220329144433.0
008 171130s1989 mx |r| ||||f|spa d
010 _a110713
011 _a111685
020 _a9684341571
040 _cCHAP
082 0 4 _a833.9
_bK11 1989
100 0 0 _aKafka, Franz.
_962581
245 1 3 _aEl proceso /
_cpor Franz Kafka.
250 _a5 ed.
260 _aPuebla :
_bPremiá,
_c1989.
300 _a219 p.
490 1 _aLa nave de los locos
_v46
534 _pTít. original :
_tDer Prozess
590 _aE11695DGD
_b10
_c20171201
_lUCH01
_h1147
590 _aE11695DGD
_b10
_c20171201
_lUCH01
_h1148
590 _aE11695DGD
_b10
_c20171201
_lUCH01
_h1148
590 _aE5765TAJ
_b05
_c20171130
_lUCH01
_h0932
650 1 4 _aLiteratura alemana.
_967119
650 1 4 _aNovela alemana.
_9134186
830 3 _aLa nave de los locos
_v46
_964238
901 _aBK
942 _cLIBRO
942 _n0
999 _c110713
_d110713